000
00285nam a2200133Ia 4500
100
_a
Balagurusamy/E
942
_c
BK
654
_a
Programming
245
_a
Programming In Basic
260
_b
Tata McGraw Hill
_a
New Delhi
_c
1987
082
_a
1.6
300
_a
216
546
_a
ENGLISH
999
_c
21242
_d
21242